| 000 | 01408nam a2200325 c 4500 | ||
|---|---|---|---|
| 003 | BLK | ||
| 005 | 20180422102340.0 | ||
| 008 | 180408b bul|||||r ||||||| ||bul|| | ||
| 010 | _aKNG00064364000 | ||
| 040 | _aBLK | ||
| 041 |
_aBUL _cBUL |
||
| 080 |
_aИнженерна графика. Техническо чертане _b62:744 _x(075.8) _z62:744(075.8) |
||
| 100 | 1 |
_aПопов, Маркс Христов _eпърви автор _9289753 |
|
| 700 | 1 |
_aПопов, Маркс Христов _eред. _9369909 |
|
| 139 |
_aТехническо чертане и стандартизация _bТ 53 |
||
| 245 | 1 | 0 |
_aТехническо чертане и стандартизация _bУчебник за студентите от ВМЕИ _cМаркс Христов Попов; ред. Маркс Христов Попов. |
| 257 | _aBGR | ||
| 260 |
_аСофия _bТехника _c1986 _fХасково : Ат. Стратиев |
||
| 300 |
_a336 с. _bс ил. _c25 см |
||
| 380 | _a62 | ||
| 650 | 4 |
_aТехническо чертане - учебници за ВУЗ _9249317 |
|
| 650 | 4 |
_aСтандартизация - учебници за ВУЗ _9252102 |
|
| 653 | _aтехническо чертане | ||
| 653 | _aстандартизация | ||
| 852 | _aЦб 141549 | ||
| 856 | 4 |
_qpdf _u |
|
| 856 | 4 |
_qpdf _u |
|
| 942 |
_cKNG _n0 |
||
| 944 |
_aCR _c13.06.2004 _kНаталия_Медовщикова |
||
| 944 |
_aED _c04.06.2009 _k |
||
| 999 |
_c60224 _d60224 |
||